| 000 | 00483nam a22001337a 4500 | ||
|---|---|---|---|
| 040 | _cRUA | ||
| 082 | _aAGR SENG 2003 B029 OR.1 | ||
| 100 | _aSENG VANNA | ||
| 245 | _aA study of the effects of transplanting seedlings of different ages on the growth and yield of rice in kampongleave district prey veng province | ||
| 260 |
_aphnom penh _bRUA _c2003 |
||
| 300 |
_a60p. _cill. |
||
| 856 | _uhttps://drive.google.com/file/d/13Ht6XJCqotRly1fxBzVTk2jUhvChIoy0/view?usp=sharing | ||
| 942 | _cAGR | ||
| 999 |
_c506 _d506 |
||